000 00590nam a22001817a 4500
999 _c180240
_d180240
005 20210802144434.0
010 _aENG-129658
020 _a978-81-7735-656-4
_c100.00
035 _aEN-113190
037 _bDBAD/PUB
082 _a639.41209582
_b1
100 _aARUNACHALAM,S
245 _aTHE HISTORY OF THE PEARL FISHERY OF THE TAMIL COAST/
_cS.ARUNACHALAM
260 _aCHENNAI
_bPAVAI
_c1952
270 _a142,JANI JAN KHAN ROAD,ROYAPETTAH
_bCHENNAI
_e600014
_k01128482441
_mPAVAI123@YAHOO.COM
300 _a177 p.
_b22Cm(pbk)
942 _2ddc
_cEN
_e1
_h639.41209582
_kARU